| 000 | 00391nam a2200145Ia 4500 | ||
|---|---|---|---|
| 008 | 230312s9999||||xx |||||||||||||| ||und|| | ||
| 020 | _a0070483434 | ||
| 082 |
_a410.285 _bKUL-T |
||
| 100 | _aEverest,F.Alton | ||
| 245 | 4 | _aThe master handbook of acoustics | |
| 260 |
_bMcgraw hill _aRashtriya _c2002 |
||
| 300 | _a265 | ||
| 650 |
_aComputer _vConference papers and proceedings |
||
| 942 | _cBK | ||
| 999 |
_c18287 _d18287 |
||